| 000 | 00500nam a2200157 i 4500 | ||
|---|---|---|---|
| 001 | 46697 | ||
| 003 | ES-MaACL | ||
| 005 | 20230906161430.0 | ||
| 007 | t| | ||
| 008 | 030331s1931 sp ||||1| spa d | ||
| 111 | 2 |
_aCongreso Universal de Química Pura y Aplicada ( _n9º. _d1932. _cMadrid) _9582 |
|
| 245 | 1 | 0 |
_aIX Congreso Universal de Química Pura y Aplicada _b: Madrid, 3 a 10 de abril 1932. |
| 260 |
_aMadrid : _bC. Bermejo, _c1931. |
||
| 300 |
_a24 p. ; _c21 cm. |
||
| 852 |
_aES-MaACL _j1751-F-7 |
||
| 999 |
_c46697 _d46697 |
||